| 000 | 00615cam a22002291 4500 | ||
|---|---|---|---|
| 001 | sa 68002821 | ||
| 003 | DLC | ||
| 005 | 20260227112446.0 | ||
| 008 | 890510s1967 ii b 000 0 hino | ||
| 010 | _asa 68002821 | ||
| 035 | _a(OCoLC)19689023 | ||
| 040 |
_aDLC _cWaU _dDLC |
||
| 042 | _apremarc | ||
| 050 | 0 | 0 |
_aPK1424 _b.S2 |
| 100 | 1 |
_aŚāstrī, Paramānanda, _d1926- |
|
| 245 | 1 | 0 | _aSūtraśailī aura Apabhraṃśa vyākaraṇa. |
| 260 | _c[1967] | ||
| 300 |
_a4, 21, 4, 245 p. _c22 cm. |
||
| 500 | _aIn Hindi. | ||
| 504 | _aBibliography: p. [243]-245. | ||
| 650 | 0 |
_aApabhraṃśa language _xGrammar. |
|
| 999 |
_c79009 _d79009 |
||